| 000 | 00635nam a2200169 i 4500 | ||
|---|---|---|---|
| 001 | 75841 | ||
| 003 | ES-MaACL | ||
| 005 | 20230906172623.0 | ||
| 007 | t| | ||
| 008 | 040928s1956 sp ||||1| spa d | ||
| 100 | 1 |
_aGruenberg, Sidonie Matsner. _960233 |
|
| 245 | 1 | 4 |
_aLos hijos _b: enciclopedia ilustrada para su crianza y educación / _cpor Sidonie Matsner Gruenberg ; traducción del inglés por María del Carmen Font de Millanes. |
| 260 |
_aBarcelona : _bIberia, _c[1956] ( _fAgustín Núñez) |
||
| 300 |
_aXXII, 711 p. ; _c25 cm. |
||
| 700 | 1 |
_aFont de Millanes, María del Carmen. _951552 |
|
| 852 |
_aES-MaACL _jC-10174 _bR.38599 |
||
| 999 |
_c75841 _d75841 |
||